[Event "Radulescu Memorial 14th"]
[Site "Ramnicul Valcea"]
[Date "2014.02.01"]
[Round "4"]
[White "Veneteanu, Ion Cristian"]
[Black "Bucur, Stefan"]
[Result "1/2-1/2"]
[WhiteElo "2181"]
[BlackElo "2020"]
[PlyCount "85"]
[EventDate "2014.01.30"]
[EventType "swiss"]
[EventRounds "7"]
[EventCountry "ROU"]
[SourceTitle "EXT 2015"]
[Source "ChessBase"]
[SourceDate "2014.11.20"]
[SourceVersion "1"]
[SourceVersionDate "2014.11.20"]
[SourceQuality "1"]

1. Nf3 Nf6 2. b3 g6 3. Bb2 Bg7 4. g3 d6 5. d4 c6 6. Bg2 0-0 7. 0-0 Bg4 8. h3 Bxf3 9. exf3 Nbd7 10. f4 d5 11. Re1 e6 12. Nd2 Qb6 13. Nf3 a5 14. a4 Rac8 15. Ne5 Nxe5 16. fxe5 Nd7 17. Kh2 c5 18. dxc5 Nxc5 19. Qd2 Nd7 20. f4 Qc7 21. Rac1 b6 22. c4 dxc4 23. Rxc4 Nc5 24. Qe3 Rfd8 25. Bd4 Bf8 26. Rec1 Rd7 27. b4 axb4 28. Rxb4 Qa7 29. Rbc4 Rdc7 30. Bxc5 Bxc5 31. Qb3 Qa6 32. R4c2 Rd8 33. Qb5 Qxb5 34. axb5 Rcd7 35. Ra1 Rd1 36. Rxd1 Rxd1 37. Bc6 h5 38. Kg2 Kg7 39. Bf3 Rd4 40. h4 Rb4 41. Be2 Rd4 42. Kf3 Kf8 43. Bc4 1/2-1/2

[Event "ROM-chT2"]
[Site "Olanesti"]
[Date "2013.10.15"]
[Round "4.5"]
[White "Bucur, Stefan"]
[Black "Andreescu, Darie Ioan"]
[Result "0-1"]
[WhiteElo "2017"]
[BlackElo "1945"]
[PlyCount "86"]
[EventDate "2013.10.12"]
[EventType "team-tourn"]
[EventRounds "9"]
[EventCountry "ROU"]
[SourceTitle "EXT 2014"]
[Source "ChessBase"]
[SourceDate "2013.11.20"]
[SourceVersion "1"]
[SourceVersionDate "2013.11.20"]
[SourceQuality "1"]
[WhiteTeam "Deva"]
[BlackTeam "Targoviste University"]
[WhiteTeamCountry "ROU"]
[BlackTeamCountry "ROU"]

1. d4 Nf6 2. Bf4 g6 3. e3 Bg7 4. Nf3 0-0 5. Be2 d5 6. h3 c5 7. c3 b6 8. 0-0 Bb7 9. Nbd2 Nbd7 10. Ne5 Rc8 11. Bb5 a6 12. Bxd7 Nxd7 13. Nxd7 Qxd7 14. Nf3 f6 15. Re1 Rfe8 16. Qb3 e5 17. dxe5 fxe5 18. Bg3 e4 19. Nd2 Qc6 20. Rac1 Kh8 21. Qd1 a5 22. f3 exf3 23. Nxf3 Re7 24. Bh4 Re4 25. Bf2 Rce8 26. Ng5 R4e7 27. Qg4 h6 28. Nf3 Re4 29. Qg3 Rf8 30. Red1 Ba6 31. Rd2 Kh7 32. Rcd1 Rf5 33. Qb8 a4 34. Qd8 Bc4 35. a3 Rf8 36. Ng5+ hxg5 37. Qxg5 Qf6 38. Qg3 Qe5 39. Qxe5 Rxe5 40. Re1 Rfe8 41. g4 Bh6 42. h4 Bxe3 43. Bxe3 Rxe3 0-1

[Event "ROM-chT2"]
[Site "Olanesti"]
[Date "2013.10.14"]
[Round "3.5"]
[White "Rosca, Vasile Benone"]
[Black "Bucur, Stefan"]
[Result "0-1"]
[WhiteElo "2030"]
[BlackElo "2017"]
[PlyCount "123"]
[EventDate "2013.10.12"]
[EventType "team-tourn"]
[EventRounds "9"]
[EventCountry "ROU"]
[SourceTitle "EXT 2014"]
[Source "ChessBase"]
[SourceDate "2013.11.20"]
[SourceVersion "1"]
[SourceVersionDate "2013.11.20"]
[SourceQuality "1"]
[WhiteTeam "Targoviste Chindia"]
[BlackTeam "Deva"]
[WhiteTeamCountry "ROU"]
[BlackTeamCountry "ROU"]

1. e4 d6 2. d4 Nf6 3. Nc3 g6 4. f4 c6 5. Nf3 Bg7 6. Be3 Qa5 7. Qd2 b5 8. Bd3 Nbd7 9. h3 Nb6 10. 0-0 Nc4 11. Bxc4 bxc4 12. Qf2 0-0 13. Nd2 d5 14. Rab1 Rb8 15. g4 Ne8 16. f5 Nd6 17. e5 Nb5 18. Nxb5 Rxb5 19. a3 Qb6 20. b4 cxb3 21. cxb3 Qa5 22. a4 Rb4 23. Rbc1 Qb6 24. Rc5 Bd7 25. f6 exf6 26. exf6 Bh8 27. a5 Qa6 28. Qf4 Qd3 29. Rf3 Re8 30. Bf2 Qe2 31. Rc1 Qa6 32. Qd6 Rb7 33. b4 Re6 34. Qg3 Rxf6 35. Rb3 Qe2 36. Nf3 Re6 37. Ng5 Qd2 38. Nxe6 Qxc1+ 39. Kg2 Bxe6 40. a6 Re7 41. Qb8+ Kg7 42. Qe5+ f6 43. Qd6 Kf7 44. b5 cxb5 45. Rxb5 Qc7 46. Qb4 Bg7 47. Rb7 Qd8 48. Rb8 Bc8 49. Bg3 Qd7 50. Bd6 Re4 51. Rb7 Bxb7 52. axb7 Re8 53. b8Q Rxb8 54. Qxb8 f5 55. Bc5 fxg4 56. Qf4+ Bf6 57. hxg4 g5 58. Qg3 a5 59. Qh3 Kg7 60. Qd3 Qe6 61. Qf3 a4 62. Qd3 0-1

[Event "ROM-chT2"]
[Site "Olanesti"]
[Date "2013.10.13"]
[Round "2.5"]
[White "Bucur, Stefan"]
[Black "Anuta, Laurentiu"]
[Result "1-0"]
[WhiteElo "2017"]
[BlackElo "2026"]
[PlyCount "87"]
[EventDate "2013.10.12"]
[EventType "team-tourn"]
[EventRounds "9"]
[EventCountry "ROU"]
[SourceTitle "EXT 2014"]
[Source "ChessBase"]
[SourceDate "2013.11.20"]
[SourceVersion "1"]
[SourceVersionDate "2013.11.20"]
[SourceQuality "1"]
[WhiteTeam "Deva"]
[BlackTeam "Ploiesti Conpet"]
[WhiteTeamCountry "ROU"]
[BlackTeamCountry "ROU"]

1. d4 d5 2. Bf4 c6 3. e3 Nf6 4. Nf3 Bg4 5. Nbd2 e6 6. Be2 Bd6 7. Bxd6 Qxd6 8. c3 Nbd7 9. h3 Bh5 10. Qb3 0-0 11. 0-0 Ne4 12. Rfe1 Nxd2 13. Nxd2 Bxe2 14. Rxe2 b5 15. e4 Qf4 16. exd5 exd5 17. Rae1 Nf6 18. Nf3 Rfe8 19. Qc2 g6 20. Rxe8+ Rxe8 21. Rxe8+ Nxe8 22. Qe2 Nd6 23. g3 Qf6 24. Ne5 Qe6 25. Qe3 Nf5 26. Qf3 f6 27. Nd3 Nd6 28. Nc5 Qe7 29. Qf4 g5 30. Qg4 f5 31. Qh5 Kg7 32. Nd3 Nf7 33. Nc5 h6 34. Qf3 Kg6 35. g4 fxg4 36. hxg4 Nd6 37. Nd3 Nf7 38. Qf5+ Kg7 39. Nc5 Nd8 40. Qc8 Qe1+ 41. Kg2 Qe7 42. Qxd8 Qe2 43. Qd7+ Kh8 44. Qf5 1-0